000 00732nam a2200265Ia 4500
003 OSt
005 20220928123924.0
006 a|||||r|||| 00| 0
007 ta
008 220927b |||||||| |||| 00| 0 eng d
024 _a5209
037 _cTextual
040 _aSDCL
_cSDCL
_beng
041 _2eng
_aeng
082 _aR82Q7, P7
100 _aGroff Peter S
_9462307
245 0 _aIslamic philosophy A-Z.
260 _aEdinburgh
_bEdinburgh University Press
_c2007
300 _axv,237p
_ccm.
490 _aPhilosophy A-Z series
650 _aPhilosophy Islamic
_9462308
700 _a Leaman Oliver
_9439921
942 _hR82Q7, P7
_cTEXL
_2CC
999 _c775305
_d775305